| 000 | 00409nam a22001337a 4500 | ||
|---|---|---|---|
| 082 |
_a340.95491 _bKHA |
||
| 100 | _aKhan, Ch. Imtiaz Ahmad | ||
| 245 |
_aPakistan Studies: _bLL.B. (5 Years Program) As per HEC Syllabus / _cCh. Imtiaz Ahmad Khan |
||
| 260 |
_aLahore : _bMansoor Law Book House, _c2024. |
||
| 300 | _a456 p. | ||
| 563 | _aHB. | ||
| 650 |
_aLaw, Pakistan Studies _9128051 |
||
| 942 |
_2ddc _cBK |
||
| 999 |
_c613075 _d613075 |
||